[Event "DEM U10 2012"]
[Site "Oberhof GER"]
[Date "2012.06.01"]
[Round "10"]
[White "Fischer, Elias"]
[Black "Arnold, Leander"]
[Result "1/2-1/2"]
[Termination "normal"]
[Board "12"]
[WhiteElo "1377"]
[BlackElo "1221"]
[PlyCount "43"]
[WhiteFideId "12963305"]
[BlackFideId "12990230"]
[EventCountry "GER"]
[EventRounds "11"]
[EventType "swiss"]
[EventDate "2012.05.26"]

1. e4 e6 2. d4 d5 3. exd5 exd5 4. Nf3 Nc6 5. Bd3 Nf6 6. Bg5 Be7 7. O-O O-O 8.
c3 h6 9. Bf4 Bd6 10. Bxd6 Qxd6 11. Re1 Bg4 12. Nbd2 Rfe8 13. Qc2 Bxf3 14. Nxf3
Qf4 15. Qd2 Qxd2 16. Nxd2 Rxe1+ 17. Rxe1 a6 18. Nf3 g6 19. Ne5 Re8 20. Kf1 Nxe5
21. Rxe5 Rxe5 22. dxe5 1/2-1/2

[Event "DEM U10 2012"]
[Site "Oberhof GER"]
[Date "2012.06.01"]
[Round "10"]
[White "Pajeken, Jakob Leon"]
[Black "Dobrikov, Marco"]
[Result "0-1"]
[Termination "normal"]
[Board "13"]
[WhiteElo "1385"]
[BlackElo "1217"]
[PlyCount "74"]
[WhiteFideId "12942839"]
[BlackFideId "12950378"]
[EventCountry "GER"]
[EventRounds "11"]
[EventType "swiss"]
[EventDate "2012.05.26"]

1. e4 e5 2. d4 exd4 3. Qxd4 Nc6 4. Qe3 d6 5. Bd2 Be7 6. Nc3 Nf6 7. O-O-O Be6 8.
Be2 a6 9. h4 Qd7 10. Qg3 Rg8 11. Nf3 h6 12. Be3 O-O-O 13. Nh2 g5 14. Rhg1 gxh4
15. Qxh4 Ng4 16. Qh5 Nxe3 17. fxe3 Bg5 18. Nf1 Ne5 19. Nd5 Ng4 20. Nf4 Nxe3 21.
Nxe3 Bxf4 22. Qf3 Bg5 23. Kb1 Bxe3 24. Qxe3 Bg4 25. Bxg4 Rxg4 26. Qxh6 Rxe4 27.
Rdf1 Rde8 28. Qf6 R8e6 29. Qh8+ Qe8 30. Qh3 Kb8 31. a3 Re1+ 32. Ka2 Rxf1 33.
Rxf1 Re2 34. Rf6 Qe5 35. Rh6 Rxc2 36. Qb3 Rxg2 37. Rh4 Qe6 0-1

[Event "DEM U10 2012"]
[Site "Oberhof GER"]
[Date "2012.06.01"]
[Round "10"]
[White "Baltic, Fatih"]
[Black "Stork, Oliver"]
[Result "1/2-1/2"]
[Termination "normal"]
[Board "14"]
[WhiteElo "1379"]
[BlackElo "1216"]
[PlyCount "57"]
[WhiteFideId "12979090"]
[BlackFideId "12955728"]
[EventCountry "GER"]
[EventRounds "11"]
[EventType "swiss"]
[EventDate "2012.05.26"]

1. e4 e5 2. Nf3 Nc6 3. Bb5 Bc5 4. c3 d6 5. d4 exd4 6. cxd4 Bb4+ 7. Bd2 Bxd2+ 8.
Nbxd2 a6 9. Ba4 b5 10. Bb3 Nf6 11. h3 O-O 12. O-O Re8 13. Re1 Bb7 14. a3 Na5
15. Bc2 Nc4 16. Nxc4 bxc4 17. d5 c6 18. dxc6 Bxc6 19. Qd4 d5 20. exd5 Qxd5 21.
Qc3 Qd7 22. Rad1 Qc8 23. Nd4 Rxe1+ 24. Rxe1 Bd5 25. Nf5 Qb7 26. Ne7+ Kf8 27.
Nxd5 Qxd5 28. Rd1 Qe6 29. Qf3 1/2-1/2

[Event "DEM U10 2012"]
[Site "Oberhof GER"]
[Date "2012.06.01"]
[Round "10"]
[White "Rose, Luis Stratos"]
[Black "Mönster, Madita"]
[Result "1/2-1/2"]
[Termination "normal"]
[Board "15"]
[WhiteElo "1372"]
[BlackElo "1025"]
[PlyCount "67"]
[WhiteFideId "12976008"]
[BlackFideId "12947156"]
[EventCountry "GER"]
[EventRounds "11"]
[EventType "swiss"]
[EventDate "2012.05.26"]

1. d4 Nf6 2. Nf3 d5 3. c4 e6 4. Nc3 Bb4 5. e3 Nbd7 6. Bd2 c5 7. a3 Bxc3 8. Bxc3
O-O 9. Bd3 b6 10. O-O Bb7 11. Re1 Qc7 12. Qe2 Qc6 13. Rac1 dxc4 14. Bxc4 a6 15.
dxc5 bxc5 16. Red1 Rfd8 17. Rd2 Ne4 18. Rdd1 Nxc3 19. Rxc3 Ne5 20. Rdc1 Nxf3+
21. Qxf3 Qxf3 22. gxf3 Bxf3 23. Bf1 Rd5 24. Rxc5 Rxc5 25. Rxc5 g6 26. Bg2 Bxg2
27. Kxg2 Rb8 28. b4 Kf8 29. Rc6 Ra8 30. Kf3 Ke7 31. Ke4 Kd7 32. Rc5 Kd6 33. Rc4
f5+ 34. Kd3 1/2-1/2

[Event "DEM U10 2012"]
[Site "Oberhof GER"]
[Date "2012.06.01"]
[Round "10"]
[White "Suvorov, Luca"]
[Black "Rosenhain, Rachela"]
[Result "1-0"]
[Termination "normal"]
[Board "16"]
[WhiteElo "1255"]
[BlackElo "1368"]
[PlyCount "77"]
[WhiteFideId "12977071"]
[BlackFideId "12957615"]
[EventCountry "GER"]
[EventRounds "11"]
[EventType "swiss"]
[EventDate "2012.05.26"]

1. d4 Nf6 2. Nf3 g6 3. c4 d6 4. Nc3 Bg7 5. Bg5 O-O 6. e3 Nbd7 7. Bd3 c5 8. O-O
cxd4 9. exd4 h6 10. Bh4 Qe8 11. Re1 e5 12. Bxf6 Bxf6 13. Nd5 Bd8 14. dxe5 dxe5
15. Qd2 Kh7 16. Qc3 Rb8 17. Nxe5 Nxe5 18. Qxe5 Qxe5 19. Rxe5 Bg5 20. f4 Bd8 21.
f5 Kg7 22. Rae1 Bd7 23. fxg6 fxg6 24. g3 Bh3 25. Nf4 Bb6+ 26. c5 Ba5 27. Re7+
Rf7 28. Rxf7+ Kxf7 29. Bxg6+ Kf8 30. Re4 Bd7 31. b4 Bc7 32. Ne6+ Bxe6 33. Rxe6
Rd8 34. Re3 Rd2 35. a3 Ra2 36. Re8+ Kg7 37. Re7+ Kxg6 38. Rxc7 Rxa3 39. Rxb7
1-0

[Event "DEM U10 2012"]
[Site "Oberhof GER"]
[Date "2012.06.01"]
[Round "10"]
[White "Roth, Jakob"]
[Black "Flach, Helene"]
[Result "1-0"]
[Termination "normal"]
[Board "17"]
[WhiteElo "1367"]
[BlackElo "974"]
[PlyCount "85"]
[WhiteFideId "12952605"]
[BlackFideId "12929735"]
[EventCountry "GER"]
[EventRounds "11"]
[EventType "swiss"]
[EventDate "2012.05.26"]

1. e4 e5 2. Nf3 Nc6 3. d4 exd4 4. Bc4 d5 5. Bxd5 Be6 6. Bxc6+ bxc6 7. Qxd4 Qxd4
8. Nxd4 Bd7 9. O-O Nf6 10. Re1 Be7 11. Bg5 O-O 12. c4 Bd8 13. Nc3 Re8 14. Rad1
h6 15. Bh4 Nh7 16. Bg3 Rc8 17. Nc2 Be6 18. b3 Be7 19. Ne2 c5 20. Ne3 g6 21. Nf4
Bd6 22. Nxe6 Rxe6 23. Bxd6 Rxd6 24. Rxd6 cxd6 25. Rd1 Rc6 26. Nd5 Kg7 27. Nc3
Ng5 28. f3 a6 29. Rd5 Ne6 30. e5 dxe5 31. Rxe5 Rd6 32. Rd5 Rc6 33. Ne4 g5 34.
Rd6 Rxd6 35. Nxd6 Nd4 36. Ne4 Kg6 37. Nxc5 a5 38. Kf2 Kf5 39. Ke3 Nc6 40. a3 h5
41. Nd3 g4 42. b4 Kg5 43. b5 1-0

[Event "DEM U10 2012"]
[Site "Oberhof GER"]
[Date "2012.06.01"]
[Round "10"]
[White "Schütze, Tim"]
[Black "Vaintroub, Maximilian"]
[Result "0-1"]
[Termination "normal"]
[Board "18"]
[WhiteElo "1231"]
[BlackElo "1302"]
[PlyCount "88"]
[WhiteFideId "12939706"]
[BlackFideId "12942510"]
[EventCountry "GER"]
[EventRounds "11"]
[EventType "swiss"]
[EventDate "2012.05.26"]

1. e4 c5 2. Nf3 Nc6 3. d4 cxd4 4. Nxd4 g6 5. Nc3 Bg7 6. Be3 Nf6 7. Bc4 O-O 8.
Qd2 Nxe4 9. Nxe4 d5 10. Bxd5 Qxd5 11. Nxc6 Qxe4 12. Nd4 Qxg2 13. O-O-O Rd8 14.
Qb4 Bg4 15. Rde1 Qe4 16. c3 Rac8 17. Nc2 Qxb4 18. Nxb4 Bf3 19. Rhg1 b6 20. Bg5
f6 21. Bf4 e5 22. Be3 f5 23. Bg5 Rd7 24. h4 f4 25. Kc2 h6 26. Bxh6 Bxh6 27.
Rxg6+ Kh7 28. Re6 e4 29. Rg1 Rg7 30. Rxg7+ Bxg7 31. Re7 a5 32. Na6 Kg6 33. Nc7
Bf6 34. Rd7 Bg4 35. Rd6 Rxc7 36. Rxb6 Rc5 37. Ra6 Kf5 38. Rd6 Bxh4 39. Rd2 Ke5
40. b3 Rd5 41. b4 axb4 42. cxb4 Rxd2+ 43. Kxd2 Bxf2 44. b5 Kd5 0-1

[Event "DEM U10 2012"]
[Site "Oberhof GER"]
[Date "2012.06.01"]
[Round "10"]
[White "Faal, Marcel"]
[Black "Heckmann, Till"]
[Result "1/2-1/2"]
[Termination "normal"]
[Board "19"]
[WhiteElo "1169"]
[BlackElo "1282"]
[PlyCount "123"]
[WhiteFideId "1271978"]
[BlackFideId "12987093"]
[EventCountry "GER"]
[EventRounds "11"]
[EventType "swiss"]
[EventDate "2012.05.26"]

1. e4 e6 2. d4 d5 3. Nc3 dxe4 4. Nxe4 Bd7 5. Nf3 Bc6 6. Nc3 Nf6 7. g3 Be7 8.
Bg2 O-O 9. O-O Nd5 10. Nxd5 Bxd5 11. c3 Nd7 12. Bf4 Rc8 13. Re1 c6 14. Qd2 Qb6
15. b3 c5 16. dxc5 Bxc5 17. c4 Bc6 18. Bd6 Bxd6 19. Qxd6 Rfd8 20. Qd4 Qxd4 21.
Nxd4 Bxg2 22. Kxg2 Nc5 23. Nf3 Kf8 24. Rad1 Ke7 25. Kf1 Kf6 26. h4 h6 27. Kg2
Nd3 28. Re4 Ke7 29. Rd4 Rxd4 30. Nxd4 Nb4 31. a3 Nc6 32. Nxc6+ Rxc6 33. Kf3 Ra6
34. a4 Rb6 35. Rb1 Rd6 36. Ke3 Kf6 37. b4 Ke5 38. f4+ Kf5 39. b5 Kg4 40. c5 Rd5
41. Rc1 Rd8 42. c6 bxc6 43. bxc6 Rc8 44. c7 Kxg3 45. Ke4 f6 46. f5 exf5+ 47.
Kxf5 Kxh4 48. Ke6 g5 49. Kd7 Rxc7+ 50. Kxc7 g4 51. Kb7 g3 52. Kxa7 g2 53. Kb6
f5 54. a5 f4 55. a6 f3 56. a7 f2 57. a8=Q f1=Q 58. Qe4+ Kh3 59. Rc3+ Kh2 60.
Qh4+ Kg1 61. Qd4+ Kh2 62. Qh4+ 1/2-1/2

[Event "DEM U10 2012"]
[Site "Oberhof GER"]
[Date "2012.06.01"]
[Round "10"]
[White "Pfreundt, Mathis"]
[Black "Liebeck, Eddie"]
[Result "1-0"]
[Termination "normal"]
[Board "20"]
[WhiteElo "1035"]
[BlackElo "1273"]
[PlyCount "81"]
[WhiteFideId "12967092"]
[BlackFideId "12945854"]
[EventCountry "GER"]
[EventRounds "11"]
[EventType "swiss"]
[EventDate "2012.05.26"]

1. e4 e5 2. Nf3 Nc6 3. Bc4 Bc5 4. c3 d6 5. d4 Bb6 6. dxe5 Nxe5 7. Nxe5 dxe5 8.
Qxd8+ Kxd8 9. Bxf7 Ne7 10. O-O Rf8 11. Rd1+ Bd7 12. Be6 Rxf2 13. Kh1 Ke8 14.
Bxd7+ Kf7 15. Bb5 c6 16. Bc4+ Kg6 17. Rf1 Raf8 18. Rxf2 Rxf2 19. h4 Bc7 20. Bg5
Nc8 21. Nd2 Nd6 22. Bd3 Rf8 23. Nf3 Nf7 24. Be2 Nxg5 25. Nxg5 Rf2 26. Re1 Bb6
27. Nf3 Kf6 28. b4 h6 29. Bc4 Rc2 30. Rd1 Rxc3 31. Rd6+ Ke7 32. Re6+ Kf8 33.
Nxe5 Rc1+ 34. Kh2 Bg1+ 35. Kg3 Rc3+ 36. Kg4 Bh2 37. Bb3 Rg3+ 38. Kf5 Kg8 39.
Re8+ Kh7 40. Bg8+ Kh8 41. Nf7# 1-0

[Event "DEM U10 2012"]
[Site "Oberhof GER"]
[Date "2012.06.01"]
[Round "10"]
[White "Meyling, Lennart"]
[Black "Bykov, Ilona"]
[Result "1-0"]
[Termination "normal"]
[Board "21"]
[WhiteElo "1572"]
[BlackElo "937"]
[PlyCount "99"]
[WhiteFideId "12947130"]
[BlackFideId "12964433"]
[EventCountry "GER"]
[EventRounds "11"]
[EventType "swiss"]
[EventDate "2012.05.26"]

1. e4 e5 2. Nf3 Nc6 3. d4 exd4 4. Bc4 Bc5 5. c3 dxc3 6. Bxf7+ Kxf7 7. Qd5+ Ke8
8. Qh5+ g6 9. Qxc5 d6 10. Qxc3 Nf6 11. Bg5 Rf8 12. Nbd2 Be6 13. O-O Qe7 14.
Rfe1 Qf7 15. Bh6 Rg8 16. Ng5 Qe7 17. h3 Rd8 18. Ngf3 Qf7 19. Bg5 Nh5 20. Bxd8
Kxd8 21. Ng5 Qe7 22. Nxe6+ Qxe6 23. Nf3 Kc8 24. e5 d5 25. Rac1 Rd8 26. Nd4 Qd7
27. Nxc6 bxc6 28. e6 Qd6 29. Qxc6 Qxc6 30. Rxc6 Re8 31. Rc5 Nf6 32. Ra5 Kb7 33.
g4 d4 34. g5 Ng8 35. Rd5 Ne7 36. Rxd4 Nc6 37. Rd7 Ne7 38. Kg2 Kc6 39. Rc1+ Kb7
40. Rcxc7+ Kb6 41. Rxe7 Rxe7 42. Rxe7 Kc6 43. Rd7 a6 44. Rd1 a5 45. e7 Kb5 46.
e8=Q+ Kc5 47. Qc8+ Kb5 48. Rd5+ Kb4 49. Qc5+ Ka4 50. b3# 1-0

[Event "DEM U10 2012"]
[Site "Oberhof GER"]
[Date "2012.06.01"]
[Round "10"]
[White "Staufenberger, Philipp"]
[Black "Mertens, Yannick"]
[Result "0-1"]
[Termination "normal"]
[Board "22"]
[WhiteElo "1234"]
[BlackElo "1701"]
[PlyCount "71"]
[WhiteFideId "12970883"]
[BlackFideId "12947865"]
[EventCountry "GER"]
[EventRounds "11"]
[EventType "swiss"]
[EventDate "2012.05.26"]

1. e4 e6 2. d4 d5 3. e5 c5 4. c3 Nc6 5. Be3 cxd4 6. cxd4 Qb6 7. Qd2 Nh6 8. Bd3
Nf5 9. Nf3 Nxe3 10. fxe3 Nb4 11. Be2 Nc6 12. O-O Be7 13. Nc3 O-O 14. Bd3 Bd7
15. Qc2 h6 16. a3 Rac8 17. Na4 Qd8 18. Qf2 Nxd4 19. exd4 Bxa4 20. b3 Bd7 21.
Qe3 f6 22. Bb1 fxe5 23. dxe5 Bc5 24. Nd4 Rxf1+ 25. Kxf1 Qb6 26. Qd3 Qa6 27.
Qxa6 bxa6 28. Nf3 Rf8 29. Bd3 Bb5 30. Ke2 Rb8 31. Ne1 Bd4 32. Rc1 Bxe5 33. a4
Bxd3+ 34. Nxd3 Bxh2 35. Nc5 Rc8 36. Kd1 0-1

[Event "DEM U10 2012"]
[Site "Oberhof GER"]
[Date "2012.06.01"]
[Round "10"]
[White "Haag, Lea"]
[Black "Preißler, Niklas"]
[Result "0-1"]
[Termination "normal"]
[Board "23"]
[WhiteElo "1011"]
[BlackElo "1393"]
[PlyCount "104"]
[BlackFideId "12927554"]
[EventCountry "GER"]
[EventRounds "11"]
[EventType "swiss"]
[EventDate "2012.05.26"]

1. e4 c5 2. f4 Nf6 3. d3 Nc6 4. Be3 d6 5. Nf3 Qb6 6. b3 e6 7. Nbd2 Be7 8. c3
Qa5 9. Qc2 d5 10. Be2 dxe4 11. dxe4 Qc7 12. h3 a6 13. Nc4 b5 14. Nce5 Bb7 15.
Bd3 Nxe5 16. Nxe5 Bd6 17. Nf3 Bxf4 18. Bf2 c4 19. bxc4 bxc4 20. Qa4+ Qc6 21.
Qxc4 Qxc4 22. Bxc4 Nxe4 23. Bd4 O-O 24. O-O Bd2 25. Nxd2 Nxd2 26. Rf4 Nxc4 27.
Bc5 Rfc8 28. Rxc4 Bd5 29. Rd4 Rxc5 30. Rd3 Rb8 31. Rad1 Rb2 32. Ra1 Rxg2+ 33.
Kf1 Rh2 34. Kg1 Rh1+ 35. Kf2 Rxa1 36. Ke3 Rc4 37. Rd2 Re4+ 38. Kf3 Rd4+ 39. Ke3
Rxd2 40. Kxd2 Rxa2+ 41. Ke3 g5 42. Kd4 Ra4+ 43. Kd3 Rc4 44. Kc2 f5 45. Kd3 a5
46. Kc2 f4 47. Kb2 f3 48. Ka3 f2 49. Kb2 f1=Q 50. Kc2 Qe2+ 51. Kc1 Be4 52. h4
Qc2# 0-1

[Event "DEM U10 2012"]
[Site "Oberhof GER"]
[Date "2012.06.01"]
[Round "10"]
[White "Kopylov, Daniel"]
[Black "Kück, Artur"]
[Result "1-0"]
[Termination "normal"]
[Board "24"]
[WhiteElo "1623"]
[BlackElo "1212"]
[PlyCount "121"]
[WhiteFideId "12921971"]
[BlackFideId "12965120"]
[EventCountry "GER"]
[EventRounds "11"]
[EventType "swiss"]
[EventDate "2012.05.26"]

1. d4 d5 2. c4 e6 3. cxd5 exd5 4. Nc3 c6 5. Bf4 Nf6 6. e3 Bf5 7. Bd3 Bxd3 8.
Qxd3 Bd6 9. Bxd6 Qxd6 10. Nf3 Nbd7 11. O-O O-O-O 12. Rfc1 Rdg8 13. Nb5 Qb8 14.
Qa3 a6 15. Nd6+ Kd8 16. Nxf7+ Ke8 17. Nxh8 Rxh8 18. Nh4 Ng4 19. g3 Rf8 20. Rf1
g5 21. Ng2 h5 22. Qd3 Rf7 23. Qg6 Ndf6 24. f3 Nxh2 25. Kxh2 h4 26. Qxg5 hxg3+
27. Qxg3 Rh7+ 28. Nh4 Rxh4+ 29. Kg2 Qxg3+ 30. Kxg3 Rh7 31. Rh1 Re7 32. Rae1
Rg7+ 33. Kf2 Rf7 34. Ke2 Kd7 35. Kd3 Rg7 36. Reg1 Re7 37. Rh6 Ne8 38. Rgh1 Kc7
39. Rh7 Rxh7 40. Rxh7+ Kb6 41. f4 Nf6 42. Rh6 Ne4 43. f5 Kc7 44. Re6 Kd7 45.
Rxe4 dxe4+ 46. Kxe4 b5 47. Ke5 Ke8 48. Ke6 a5 49. f6 c5 50. dxc5 b4 51. e4 a4
52. e5 b3 53. axb3 axb3 54. c6 Kd8 55. f7 Kc7 56. f8=Q Kxc6 57. Qd6+ Kb5 58.
Kd5 Ka4 59. Kc5 Ka5 60. Qb6+ Ka4 61. Qb4# 1-0

[Event "DEM U10 2012"]
[Site "Oberhof GER"]
[Date "2012.06.01"]
[Round "10"]
[White "Merk, Daniel"]
[Black "Baladjaev, Leyla"]
[Result "1-0"]
[Termination "normal"]
[Board "25"]
[WhiteElo "1312"]
[BlackElo "1113"]
[PlyCount "89"]
[WhiteFideId "12938386"]
[BlackFideId "12960217"]
[EventCountry "GER"]
[EventRounds "11"]
[EventType "swiss"]
[EventDate "2012.05.26"]

1. e4 e5 2. Nf3 Nc6 3. Bb5 a6 4. Bxc6 dxc6 5. O-O Bg4 6. h3 Bh5 7. g4 Bg6 8.
Nxe5 Qd4 9. Nf3 Qf6 10. d4 O-O-O 11. Bg5 Qd6 12. Bxd8 Qxd8 13. Nc3 Bb4 14. Re1
Ne7 15. a3 Bxc3 16. bxc3 h5 17. Ne5 f6 18. Nxg6 Nxg6 19. gxh5 Ne7 20. Qg4+ Kb8
21. Rab1 Nc8 22. e5 Qe8 23. exf6 Qxh5 24. Qxh5 Rxh5 25. fxg7 Rg5+ 26. Kh2 Rxg7
27. Rg1 Rf7 28. Rg2 Nd6 29. h4 Ne4 30. Rb3 Nxf2 31. Kg3 Ne4+ 32. Kg4 Nf6+ 33.
Kf5 Nd5+ 34. Kg6 Rf6+ 35. Kg7 Rd6 36. Rf2 Rd7+ 37. Rf7 Ne7 38. h5 Ka7 39. Kf8
Rd8+ 40. Kxe7 Rh8 41. Kf6 Rxh5 42. Rxc7 Rh2 43. Rcxb7+ Ka8 44. Rb8+ Ka7 45.
R3b7# 1-0

[Event "DEM U10 2012"]
[Site "Oberhof GER"]
[Date "2012.06.01"]
[Round "10"]
[White "Brehm, Mirja"]
[Black "Fesselier, Chelsea"]
[Result "0-1"]
[Termination "normal"]
[Board "26"]
[WhiteElo "1097"]
[BlackElo "1228"]
[PlyCount "154"]
[BlackFideId "26024624"]
[EventCountry "GER"]
[EventRounds "11"]
[EventType "swiss"]
[EventDate "2012.05.26"]

1. Nf3 c5 2. g3 Nc6 3. Bg2 d5 4. d3 e6 5. O-O Nf6 6. Nbd2 Be7 7. c3 O-O 8. h3
Bd7 9. Kh2 Bd6 10. Qc2 Rc8 11. Re1 Qc7 12. e4 Qb8 13. exd5 exd5 14. Nf1 Rfe8
15. Rxe8+ Rxe8 16. Be3 Qc8 17. Re1 h6 18. a3 b6 19. Bd2 Rxe1 20. Bxe1 Bf5 21.
Qd2 Ne5 22. Nxe5 Bxe5 23. Ne3 Be6 24. Qd1 Qc7 25. d4 cxd4 26. cxd4 Bd6 27. Bc3
Bxa3 28. bxa3 Qxc3 29. Nc2 Qb3 30. Bf3 Bf5 31. Ne3 Qxd1 32. Bxd1 Be6 33. Bb3
Kf8 34. f4 g6 35. g4 a5 36. f5 a4 37. Bxa4 Bc8 38. fxg6 fxg6 39. Kg3 Kf7 40. h4
g5 41. hxg5 hxg5 42. Kf2 Nxg4+ 43. Nxg4 Bxg4 44. Bb3 Be6 45. a4 Ke7 46. Bd1 Kd7
47. Ke3 Kc7 48. Kf3 Kb7 49. Ke3 Ka6 50. Kf3 Ka5 51. Kg3 Kb4 52. Kf3 Kc3 53. Ke3
Bh3 54. Bf3 g4 55. Bxd5 g3 56. Kf3 Kxd4 57. Bb7 g2 58. Kf2 Kc4 59. Bc6 Kc5 60.
Bb5 Kd4 61. Kg1 Ke3 62. Bc6 Kf4 63. Bb5 Kg3 64. Bc6 Kf4 65. Bb5 Kf3 66. Bc6+
Kg3 67. Bb5 Bg4 68. Bc6 Bf3 69. Bb5 Bd5 70. Bd7 Kf3 71. Bb5 Ke3 72. Bd7 Kd4 73.
Bb5 Kc5 74. Kf2 Bc6 75. Bxc6 Kxc6 76. Kxg2 Kc5 77. Kf2 Kb4 0-1

[Event "DEM U10 2012"]
[Site "Oberhof GER"]
[Date "2012.06.01"]
[Round "10"]
[White "Becker, Silke"]
[Black "Voß, Henrike"]
[Result "0-1"]
[Termination "normal"]
[Board "27"]
[WhiteElo "1222"]
[BlackElo "1002"]
[PlyCount "114"]
[WhiteFideId "12966452"]
[BlackFideId "12971910"]
[EventCountry "GER"]
[EventRounds "11"]
[EventType "swiss"]
[EventDate "2012.05.26"]

1. e4 e5 2. Bc4 Nf6 3. d3 Nc6 4. Nc3 Bc5 5. f4 d6 6. Nf3 Be6 7. f5 Bxc4 8. dxc4
Ng4 9. Qe2 Bf2+ 10. Kf1 Bc5 11. h3 Nf6 12. Bg5 h6 13. Bh4 g5 14. fxg6 fxg6 15.
Nd5 g5 16. Bg3 Rf8 17. c3 Ne7 18. b4 Bb6 19. a4 c6 20. Nxe7 Qxe7 21. Rd1 O-O-O
22. c5 dxc5 23. Nxe5 Nxe4+ 24. Ke1 Nxg3 25. Qg4+ Kc7 26. Qxg3 Rf5 27. a5 Rxe5+
28. Kf1 Rxd1+ 29. Kf2 Qf6+ 30. Qf3 Rf5 31. axb6+ Kxb6 32. Rxd1 Rxf3+ 33. gxf3
Qxc3 34. bxc5+ Qxc5+ 35. Ke1 Qe3+ 36. Kf1 Qxf3+ 37. Ke1 Qh1+ 38. Kd2 Qxh3 39.
Ke1 Qh1+ 40. Kd2 Qxd1+ 41. Kxd1 Kc5 42. Kd2 a5 43. Kc2 Kb4 44. Kb2 h5 45. Kc2
h4 46. Kd2 h3 47. Kd3 h2 48. Ke3 h1=Q 49. Kd3 Qh4 50. Ke2 Qg3 51. Kd2 Qf3 52.
Kc2 Qe3 53. Kb2 Qc3+ 54. Ka2 b6 55. Kb1 Qd2 56. Ka1 Kb3 57. Kb1 Qd1# 0-1

[Event "DEM U10 2012"]
[Site "Oberhof GER"]
[Date "2012.06.01"]
[Round "10"]
[White "Bürmann, Theresia"]
[Black "Demme, Miriam"]
[Result "1-0"]
[Termination "normal"]
[Board "28"]
[WhiteElo "981"]
[BlackElo "1207"]
[PlyCount "105"]
[WhiteFideId "12960241"]
[BlackFideId "12966703"]
[EventCountry "GER"]
[EventRounds "11"]
[EventType "swiss"]
[EventDate "2012.05.26"]

1. e4 c5 2. d4 cxd4 3. c3 dxc3 4. Nxc3 Nc6 5. Nf3 d6 6. Bc4 Nf6 7. e5 dxe5 8.
Qxd8+ Nxd8 9. Nb5 Rb8 10. Nxe5 e6 11. Nc7+ Ke7 12. Nb5 g6 13. Bf4 a6 14. Nc3 b5
15. Bd3 Rb6 16. O-O Bg7 17. Ne4 Nh5 18. Be3 Rb7 19. Bc5+ Ke8 20. Nd6+ Ke7 21.
Nxb7+ Ke8 22. Nd6+ Ke7 23. Nxc8+ Ke8 24. Nf3 Nb7 25. Bd4 Bxd4 26. Nxd4 e5 27.
Be4 Nc5 28. Bc6+ Kd8 29. Rac1 exd4 30. Rxc5 Kxc8 31. Bf3+ Kd7 32. Bxh5 gxh5 33.
Rd5+ Kc6 34. Rxd4 Re8 35. Rh4 Re2 36. Rb1 a5 37. h3 a4 38. Rxh5 b4 39. Rh4 Kc5
40. a3 bxa3 41. bxa3 Re6 42. Rxa4 f5 43. Rab4 Rf6 44. a4 f4 45. Rb5+ Kc4 46. a5
Kc3 47. Rb6 Rf8 48. a6 Ra8 49. Ra1 Kd4 50. a7 Kd3 51. Rb8 Rxb8 52. axb8=Q Ke2
53. Ra7 1-0

[Event "DEM U10 2012"]
[Site "Oberhof GER"]
[Date "2012.06.01"]
[Round "10"]
[White "Von Jan, Lena"]
[Black "Könze, Heike"]
[Result "0-1"]
[Termination "normal"]
[Board "29"]
[WhiteElo "1003"]
[BlackElo "1172"]
[PlyCount "102"]
[WhiteFideId "12946060"]
[BlackFideId "12964476"]
[EventCountry "GER"]
[EventRounds "11"]
[EventType "swiss"]
[EventDate "2012.05.26"]

1. e4 e6 2. f4 d5 3. e5 c5 4. Nf3 Nc6 5. c3 Qa5 6. d3 Bd7 7. g3 Be7 8. Bg2
O-O-O 9. O-O f6 10. Bd2 Qc7 11. Qe2 h5 12. Kh1 fxe5 13. fxe5 Rf8 14. Qe1 Qd8
15. b4 cxb4 16. cxb4 h4 17. Kg1 hxg3 18. Qxg3 Nxb4 19. Bxb4 Bxb4 20. Qxg7 Nh6
21. Qg3 Nf5 22. Qf2 b6 23. Rc1+ Kb8 24. d4 Bb5 25. Nc3 Ba6 26. a3 Ba5 27. Ne2
Qe7 28. Rd1 Qg7 29. Ng3 Qh6 30. Nxf5 Rxf5 31. Qg3 Rff8 32. Rdb1 Rfg8 33. Qf2
Rg6 34. Rb3 Rhg8 35. Kh1 Rxg2 36. Qxg2 Rxg2 37. Kxg2 Qg6+ 38. Kh1 Qc2 39. Rab1
Bc3 40. h3 Bc4 41. Rxc3 Qxc3 42. Ng5 Qd2 43. Nxe6 Bd3 44. Kg1 Bxb1 45. h4 Be4
46. Kf1 Bf3 47. Nf4 Qxf4 48. Kf2 Bh5+ 49. Ke1 Qh2 50. Kf1 Bf3 51. Ke1 Qe2# 0-1

[Event "DEM U10 2012"]
[Site "Oberhof GER"]
[Date "2012.06.01"]
[Round "10"]
[White "Feil, Alexander"]
[Black "Weiten, Teresa"]
[Result "1-0"]
[Termination "normal"]
[Board "30"]
[WhiteElo "1162"]
[BlackElo "834"]
[PlyCount "69"]
[WhiteFideId "4002954"]
[BlackFideId "12971944"]
[EventCountry "GER"]
[EventRounds "11"]
[EventType "swiss"]
[EventDate "2012.05.26"]

1. e4 e5 2. d4 exd4 3. c3 dxc3 4. Nxc3 Nf6 5. e5 Ng8 6. Nf3 Nc6 7. Bc4 d6 8.
exd6 Bxd6 9. O-O Nf6 10. Re1+ Ne7 11. Bg5 Bf5 12. Bxf6 gxf6 13. Nd5 Kf8 14.
Nxf6 Ng6 15. Re8+ Qxe8 16. Nxe8 Rxe8 17. Ng5 Ne5 18. Bb5 c6 19. Qxd6+ Re7 20.
Ba4 b5 21. Bb3 Bg6 22. Re1 h6 23. Rxe5 hxg5 24. Qd8+ Re8 25. Rxe8+ Kg7 26. Rxh8
Bf5 27. Qg8+ Kf6 28. Rh6+ Ke5 29. Qxg5 a6 30. Rh5 f6 31. Qxf5+ Kd6 32. Qxf6+
Kc7 33. Qd4 a5 34. Rh7+ Kc8 35. Qh8# 1-0

[Event "DEM U10 2012"]
[Site "Oberhof GER"]
[Date "2012.06.01"]
[Round "10"]
[White "Stirnberg, Noah"]
[Black "Kukulina, Sonja"]
[Result "1-0"]
[Termination "normal"]
[Board "31"]
[WhiteElo "1145"]
[BlackElo "948"]
[PlyCount "111"]
[WhiteFideId "16207742"]
[BlackFideId "12977047"]
[EventCountry "GER"]
[EventRounds "11"]
[EventType "swiss"]
[EventDate "2012.05.26"]

1. d4 d6 2. Nf3 Bg4 3. Bf4 Bxf3 4. exf3 Nf6 5. Nd2 Nbd7 6. c3 e5 7. Be3 Be7 8.
Bd3 c5 9. Qb3 b6 10. O-O O-O 11. Ne4 d5 12. Nxf6+ Nxf6 13. Qc2 c4 14. Be2 Qd6
15. Rfd1 Rad8 16. Rd2 Rfe8 17. g3 Qe6 18. a3 Bd6 19. Re1 e4 20. Rdd1 Rf8 21.
fxe4 Nxe4 22. Bc1 Qf5 23. Bxc4 dxc4 24. Qxe4 Qxe4 25. Rxe4 f5 26. Re2 a5 27.
Bf4 Bxf4 28. gxf4 Rf6 29. h3 Rh6 30. Kg2 Rg6+ 31. Kh2 Kf7 32. Re3 Rdd6 33. Rde1
Rde6 34. Re5 Rxe5 35. Rxe5 Rf6 36. a4 Kg6 37. f3 Rc6 38. Kg2 h5 39. h4 Kh6 40.
Rxf5 g6 41. Re5 Rf6 42. Kg3 Rf5 43. Re6 b5 44. axb5 Rxb5 45. Re2 a4 46. Rd2 Rc5
47. dxc5 Kg7 48. Rd4 Kh6 49. Rxc4 Kg7 50. Rxa4 Kh6 51. c6 Kg7 52. c7 Kf7 53.
c8=Q Ke7 54. Qc6 g5 55. Ra7+ Kd8 56. Qd7# 1-0

[Event "DEM U10 2012"]
[Site "Oberhof GER"]
[Date "2012.06.01"]
[Round "10"]
[White "Bierfreund, Trine"]
[Black "Kirsten, Annika"]
[Result "1-0"]
[Termination "normal"]
[Board "33"]
[WhiteElo "1083"]
[BlackElo "957"]
[PlyCount "53"]
[WhiteFideId "12957372"]
[BlackFideId "12961124"]
[EventCountry "GER"]
[EventRounds "11"]
[EventType "swiss"]
[EventDate "2012.05.26"]

1. d4 d5 2. c4 Nf6 3. cxd5 Nxd5 4. e4 Nb6 5. Nc3 Nc6 6. Be3 Bd7 7. f4 e6 8. Nf3
f5 9. Bd3 Bb4 10. O-O Qf6 11. e5 Qf7 12. Qe1 O-O-O 13. a3 Be7 14. Qe2 Rhg8 15.
Bb5 h6 16. Bxc6 Bxc6 17. Rfd1 g5 18. a4 Bxf3 19. Qxf3 g4 20. Qe2 h5 21. a5 Nd5
22. Nxd5 Rxd5 23. a6 b6 24. Rdc1 h4 25. Qc4 Rd7 26. Qc6 Kb8 27. Qb7# 1-0